Reunión grupo de expertos en violencia en la familia con énfasis especial en sus efectos en las mujeres

Guardado en:
書目詳細資料
企業作者: Naciones Unidas
格式: Texto
出版: s.l.: FLACSO
標簽: 添加標簽
沒有標簽, 成為第一個標記此記錄!

MARC

LEADER 00000 a a2200000 04500
001 25071
003
040
090 |a 179701  
110 |a Naciones Unidas  
245 |a Reunión grupo de expertos en violencia en la familia con énfasis especial en sus efectos en las mujeres  
260 |a s.l.:   |b FLACSO  
300 |a 345 p.  
999 |c 16606  |d 16606